| 000 | 00482nam a2200205Ia 4500 | ||
|---|---|---|---|
| 005 | 20250425161452.0 | ||
| 008 | 250425s9999 xx 000 0 und d | ||
| 041 | _aeng | ||
| 082 | _a574.5943801 | ||
| 100 | _aS, A A | ||
| 245 | 0 | _aPOLISH ECOLOGICAL BIBLIOGRAPHY FOR 1970 | |
| 250 | _aS.E. | ||
| 260 |
_aPolonia _bPOAS _c1972 |
||
| 300 | _a271 | ||
| 650 | _aBIBLIOGRAFIAS | ||
| 650 | _aECOLOGIA | ||
| 710 | _aPOLISH ACADEMY OF SCIENCES | ||
| 942 | _c01 | ||
| 010 | _a21025 | ||
| 999 |
_c209886 _d209886 |
||